| 000 | 00495nam a22001457a 4500 | ||
|---|---|---|---|
| 082 | _aMSIT-14 SEE | ||
| 100 | _aFarhana Seemi | ||
| 245 | _aWeb usage behavior pattern analysis and recommender system | ||
| 260 |
_aIslamabad _bNUST-SEECS _c2015 |
||
| 300 |
_a52p. _eCD Includes |
||
| 856 | _uhttp://10.250.8.41:8080/xmlui/handle/123456789/10167 | ||
| 942 |
_2ddc _cTHE |
||
| 999 |
_c328774 _d328774 |
||